Enoch and the Son of Man

Saved in:  
Bibliographic Details
Main Author: Luke, Kuriakos (Author)
Format: Print Article
Language:English
Check availability: HBZ Gateway
Interlibrary Loan:Interlibrary Loan for the Fachinformationsdienste (Specialized Information Services in Germany)
Published: 2000
In: Indian theological studies
Year: 2000, Volume: 37, Issue: 1, Pages: 46-64
Standardized Subjects / Keyword chains:B Enoch / Son of Man
IxTheo Classification:HB Old Testament
HD Early Judaism
NBF Christology
Further subjects:B Son of Man
B Enoch
B Henoch

MARC

LEADER 00000caa a22000002c 4500
001 1640526250
003 DE-627
005 20220616111620.0
007 tu
008 160405s2000 xx ||||| 00| ||eng c
035 |a (DE-627)1640526250 
035 |a (DE-576)465045553 
035 |a (DE-599)BSZ465045553 
040 |a DE-627  |b ger  |c DE-627  |e rakwb 
041 |a eng 
084 |a 1  |2 ssgn 
100 1 |0 (DE-627)1247510964  |0 (DE-576)17751096X  |4 aut  |a Luke, Kuriakos 
109 |a Luke, Kuriakos  |a Luke, Matthew Kuriakos  |a Luke, Matthew K.  |a Luke, K. 
245 1 0 |a Enoch and the Son of Man 
264 1 |c 2000 
336 |a Text  |b txt  |2 rdacontent 
337 |a ohne Hilfsmittel zu benutzen  |b n  |2 rdamedia 
338 |a Band  |b nc  |2 rdacarrier 
600 0 7 |0 (DE-588)118827529  |0 (DE-627)694960888  |0 (DE-576)210088184  |a Henoch  |2 gnd 
601 |a Son of man 
630 0 7 |0 (DE-588)4141541-3  |0 (DE-627)105619582  |0 (DE-576)209712147  |a Äthiopisches Henochbuch  |2 gnd 
630 0 7 |0 (DE-588)4181691-2  |0 (DE-627)105316040  |0 (DE-576)21000620X  |a Slawisches Henochbuch  |2 gnd 
650 0 7 |0 (DE-588)4038647-8  |0 (DE-627)106231243  |0 (DE-576)209031336  |a Menschensohn  |2 gnd 
652 |a HB:HD:NBF 
689 0 0 |d u  |0 (DE-588)4224409-2  |0 (DE-627)10498693X  |0 (DE-576)210297824  |a Henochbücher  |2 gnd 
689 0 1 |d s  |0 (DE-588)4038647-8  |0 (DE-627)106231243  |0 (DE-576)209031336  |2 gnd  |a Menschensohn 
689 0 |5 (DE-627) 
773 0 8 |i In  |t Indian theological studies  |d Bangalore : Inst., 1977  |g 37(2000), 1, Seite 46-64  |w (DE-627)166766054  |w (DE-600)303322-3  |w (DE-576)015205215  |x 0253-620X  |7 nnas 
773 1 8 |g volume:37  |g year:2000  |g number:1  |g pages:46-64 
935 |a mteo  |a BIIN 
951 |a AR 
BIB |a 1 
ELC |b 1 
ITA |a 1  |t 1 
LOK |0 000 xxxxxcx a22 zn 4500 
LOK |0 001 3302344732 
LOK |0 003 DE-627 
LOK |0 004 1640526250 
LOK |0 005 20160405122857 
LOK |0 008 160404||||||||||||||||ger||||||| 
LOK |0 040   |a DE-Tue135  |c DE-627  |d DE-Tue135 
LOK |0 092   |o n 
LOK |0 852   |a DE-Tue135 
LOK |0 852 1  |9 00 
LOK |0 935   |a ixzs  |a ixmi 
LOK |0 936ln  |0 1442044160  |a HD 
LOK |0 936ln  |0 1442051787  |a NBF 
LOK |0 939   |a 04-04-16  |b l01 
LOK |0 000 xxxxxcx a22 zn 4500 
LOK |0 001 3302344740 
LOK |0 003 DE-627 
LOK |0 004 1640526250 
LOK |0 005 20190311204726 
LOK |0 008 190311||||||||||||||||ger||||||| 
LOK |0 035   |a (DE-Tue135-1)148254 
LOK |0 040   |a DE-Tue135-1  |c DE-627  |d DE-Tue135-1 
LOK |0 852   |a DE-Tue135-1 
LOK |0 852 1  |c SJ030559/37,1/LEK  |m p  |9 00 
LOK |0 852 2  |b Z 313B  |9 00 
LOK |0 935   |a iZSA 
LOK |0 936ln  |0 1442044128  |a HB 
LOK |0 938   |k p 
LOK |0 939   |a 11-03-19  |b l12 
ORI |a SA-MARC-ixtheoa001.raw 
STA 0 0 |a Enoch,Book of Enoch,Enoch,Book of Enoch,Slavonic Book of Enoch,Enoch,Enoch,Enoch,Enoch,Enoch,Enoch,Enoch,Enoch,Book of Enoch,Ethiopic Book of Enoch,Enoch,Enoch,Book of the Watchers,Astronomical book of Enoch,Book of Similitudes,Book of Parables,Son of Man 
STB 0 0 |a Fils de l'Homme 
STC 0 0 |a Hijo del Hombre 
STD 0 0 |a Figlio dell'Uomo 
STE 0 0 |a 人子 
STF 0 0 |a 人子 
STG 0 0 |a Filho do Homem 
STH 0 0 |a Сын человеческий 
STI 0 0 |a Υιός του Ανθρώπου 
SUB |a BIB 
SYA 0 0 |a Enoch,Ḥanôḵ 
SYD 0 0 |a Maṣḥafa Hēnok,Äthiopischer Henoch,Henochbuch,1.,Henoch,Enoch,Das Buch Henoch,1,Das äthiopische Henochbuch,Liber Henoch, Aethiopice,Liber Henoch Aethiopicus,Book of Enoch,The book of Enoch,1,The Ethiopic book of Enoch,Le Livre d'Hénoch,Le livre d'Hénoch,1,Le livre d'Enoch,1,Apocalypsis Henochi Graeci,Bibel,Altes Testament,Apokryphen,Henoch,1 , Slawischer Henoch,Slavisches Henochbuch,Slavisches Hennebuch,Zweites Henochbuch,Zweiter Henoch,Henoch,2,Enoch,2,Secrets d'Hénoch,Livre des secrets d'Hénoch,Slavonic Apocalypse of Enoch,Slavonic Book of Enoch,Book of the Secrets of Enoch,Bücher der Geheimnisse Henochs,Liber Henoch Slavicus,Liber Henoch,2,Bibel,Apokryphen,Henoch,2,Ot potaennych knig o v-schišenii Enochove Pravednago 
SYG 0 0 |a Enoch-Bücher,Henoch-Bücher